| 000 | 00894nam a2200265 04500 | ||
|---|---|---|---|
| 001 | 45304 | ||
| 010 | _a9789723109221 | ||
| 021 | _b392087/15 | ||
| 090 | _a45304 | ||
| 100 | _a20160115d2015 k y0pory50030103ba | ||
| 101 | 1 | _apor | |
| 102 | _aPT | ||
| 200 | 1 |
_aPrincípios de economia política e de tributacão _fDavid Ricardo _gtrad. Maria Adelaide Ferreira |
|
| 205 | _a4.ª ed | ||
| 210 | 9 |
_aLisboa _cFundacão Calouste Gulbenkian, _d2001 |
|
| 215 |
_a512, [3] p., [1] f. il. _cil. _d22 cm |
||
| 225 | 2 | _aTextos clássicos | |
| 225 | 2 | _aTextos clássicos | |
| 304 | _aTít. orig.: The principles of political economy and taxation | ||
| 675 |
_a330 _vBN _zpor |
||
| 700 | 1 |
_aRicardo, _bDavid, _f1772-1823 |
|
| 702 | 1 |
_aFerreira, _bMaria Adelaide, _f1941- _4730 |
|
| 801 | 0 |
_aPT _bBN _gRPC |
|
| 856 | 4 | 1 | _uhttp://rnod.bnportugal.gov.pt/ImagesBN/winlibimg.aspx?skey=&doc=1919827&img=71075&save=true |
| 990 | _cMON | ||